000
00212nmm a2200085Ia 4500
008
220120s9999||||xx |||||||||||||||||und||
100
_a
JNCASR
245
0
_a
Nanoworld multimedia modules in science
260
_a
JNCASR
999
_c
139664
_d
139664